Ciencias Sociales 6 Sexto grado segundo ciclo educación secundaria (Registro nro. 15164)
[ vista simple ]
| 000 -LEADER | |
|---|---|
| fixed length control field | 00541 a2200181 4500 |
| 020 ## - INTERNATIONAL STANDARD BOOK NUMBER | |
| International Standard Book Number | 978-9945-653-99-1 |
| 041 ## - LANGUAGE CODE | |
| Language code of text/sound track or separate title | Español |
| 100 1# - MAIN ENTRY--PERSONAL NAME | |
| Personal name | Silvestre, VicenteAquino, Mirna |
| 245 10 - TITLE STATEMENT | |
| Title | Ciencias Sociales 6 Sexto grado segundo ciclo educación secundaria |
| 260 ## - PUBLICATION, DISTRIBUTION, ETC. (IMPRINT) | |
| Name of publisher, distributor, etc. | Actualidad Escolar 2000 |
| Date of publication, distribution, etc. | 2025-08-15 |
| 250 ## - EDITION STATEMENT | |
| Edition statement | 1 edición |
| 300 ## - PHYSICAL DESCRIPTION | |
| Extent | 296 páginas |
| 500 ## - GENERAL NOTE | |
| General note | Tamaño: 21.59x27.94cm. |
| 500 ## - GENERAL NOTE | |
| General note | Precio: $2.135 |
| 500 ## - GENERAL NOTE | |
| General note | Encuadernación: Tapa blanda o rústica |
| 500 ## - GENERAL NOTE | |
| General note | Soporte: Impreso |
| 650 #0 - SUBJECT ADDED ENTRY--TOPICAL TERM | |
| Topical term or geographic name as entry element | Educación |
No hay ítems disponibles.